000 00501nam a2200193Ia 4500
003 GCL
008 140319s9999 xx 000 0 ara d
040 _aGCL /
_cGCL
082 0 4 _a910.02
_bف ج
100 1 _aفيفيلد
245 1 0 _aالجيو يو لتيكا /
_cفيفيلد
700 1 _aرسل ه
700 1 _aيوسف مجلى
300 _a254
490 _aالالف كتاب
_v0
650 0 4 _aالجغرافيا الطبيعية
650 0 4 _aالجغرافيا
942 _2ddc
_cBK
999 _c44172
_d44172